000 00698nam a2200253Ia 4500
003 OSt
005 20220912144326.0
006 a|||||r|||| 00| 0
007 ta
008 220909b |||||||| |||| 00| 0 eng d
020 _aSL01026762
024 _a196310
037 _cAnnuals, Advances
040 _aCSL
_beng
_cCSL
041 _aeng
082 _aH1, M8;N4
100 _aBlackburn H. William; Dennen H. William
245 0 _aPrinciples of Mineralogy
650 _a Crystallography
650 _aSymmetry
700 _aBlackburn H. William; Dennen H. William
942 _hH1, M8;N4
_cREF
_2CC
999 _c4948
_d4948